|
|
|
|
| LEADER |
01625nam a2200421Ia 4500 |
| 001 |
EBC165357 |
| 003 |
MiAaPQ |
| 005 |
20200520144314.0 |
| 006 |
m o d | |
| 007 |
cr cn||||||||| |
| 008 |
980527s1999 enka sb 001 0 eng d |
| 010 |
|
|
|z 98025901
|
| 020 |
|
|
|z 0203031032
|
| 020 |
|
|
|z 0415162394
|
| 035 |
|
|
|a (MiAaPQ)EBC165357
|
| 035 |
|
|
|a (Au-PeEL)EBL165357
|
| 035 |
|
|
|a (CaPaEBR)ebr10054838
|
| 035 |
|
|
|a (CaONFJC)MIL33094
|
| 035 |
|
|
|a (OCoLC)560057157
|
| 040 |
|
|
|a MiAaPQ
|c MiAaPQ
|d MiAaPQ
|
| 050 |
|
4 |
|a HC427.6
|b .D46 1999
|
| 082 |
0 |
4 |
|a 330.951
|2 21
|
| 100 |
1 |
|
|a Deng, Gang,
|d 1953-
|
| 245 |
1 |
4 |
|a The premodern Chinese economy
|h [electronic resource] :
|b structural equilibrium and capitalist sterility /
|c Gang Deng.
|
| 260 |
|
|
|a London ;
|a New York :
|b Routledge,
|c 1999.
|
| 300 |
|
|
|a xiv, 421 p. :
|b ill.
|
| 490 |
1 |
|
|a Routledge explorations in economic history ;
|v 13
|
| 504 |
|
|
|a Includes bibliographical references (p. 378-408) and index.
|
| 533 |
|
|
|a Electronic reproduction. Ann Arbor, MI : ProQuest, 2015. Available via World Wide Web. Access may be limited to ProQuest affiliated libraries.
|
| 650 |
|
0 |
|a Economic history.
|
| 651 |
|
0 |
|a China
|x Economic conditions
|y To 1644.
|
| 651 |
|
0 |
|a China
|x Economic conditions
|y 1644-1912.
|
| 651 |
|
0 |
|a China
|x History
|y Shang dynasty, 1766-1122 B.C.
|
| 651 |
|
0 |
|a China
|x History
|y Qing dynasty, 1644-1912.
|
| 655 |
|
4 |
|a Electronic books.
|
| 710 |
2 |
|
|a ProQuest (Firm)
|
| 830 |
|
0 |
|a Routledge explorations in economic history ;
|v 13.
|
| 856 |
4 |
0 |
|u https://ebookcentral.proquest.com/lib/matrademy/detail.action?docID=165357
|z Click to View
|